000 00598nam a2200193 4500
001 121020
003 ES-MaACL
005 20230906191654.0
007 t|
008 070214s1950 fr r ||||1| fre d
245 0 4 _aLes premiƩres civilisations /
_cpar Pierre Jouguet [et al.].
260 _aParis :
_bPresses Universitaires de France,
_c1950.
300 _aXII, 766 p. ;
_c23 cm +
_e4 map. pleg.
490 1 _aPeuplis et civilisations
700 1 _aJouguet, Pierre.
_967021
830 0 _aPeuplis et civilisations
_9218717
852 _aES-MaACL
_jC-32701
_bR.63522
999 _c121020
_d121020